Vista normal
Vista MARC
Entrada Materia (corporativa)
Número de registros utilizados en: 1
001 - CONTROL NUMBER
- control field: 181116
003 - CONTROL NUMBER IDENTIFIER
- control field: Co-BoUCM
005 - DATE AND TIME OF LATEST TRANSACTION
- control field: 20240604123851.0
008 - FIXED-LENGTH DATA ELEMENTS
- fixed length control field: 240604|| aca||aabn | a|a d
040 ## - CATALOGING SOURCE
- Original cataloging agency: Co-BoUCM
- Transcribing agency: Co-BoUCM
110 ## - HEADING--CORPORATE NAME
- Corporate name or jurisdiction name as entry element: Humanistika Vetenskapssamfundet.
- Subordinate unit: I Uppsala
670 ## - SOURCE DATA FOUND
- Source citation: Work cat.: (Co-BoUCM): Humanistika Vetenskapssamfundet. I Uppsala, Skrifter utgina av Kungl. Humanistika Vetenskapssamfundet. I Uppsala. , 1934-1939